| 000 | 00649cam a2200193 a 4500 | ||
|---|---|---|---|
| 020 | _a0072413646 (alk. paper) | ||
| 020 | _a0072491760 (CDROM) | ||
| 040 | _cDLC | ||
| 082 | 0 | 0 | _a155 HIL 2002 A002 Or. |
| 100 | 1 | _aDacey, John S. | |
| 245 | 1 | 0 | _aHuman development across the lifespan / |
| 250 | _a5th ed. | ||
| 260 |
_aBoston : _bMcGraw-Hill, _cc2002. |
||
| 300 |
_axxv, 504, [58] p. : _bill. (some col.) ; _c27 cm. + _e1 computer optical disc (4 3/4 in.) |
||
| 500 | _aAccompanying CD-ROM includes student guide to test preparation titled "Making the grade." | ||
| 650 | 0 | _aDevelopmental psychology. | |
| 700 | 1 | _aTravers, John F. | |
| 942 | _cEK | ||
| 999 |
_c15646 _d15646 |
||